Major Oil Producing Countries - Statistics

General Stats
  • This quiz has been taken 17 times
  • The average score is 5 of 10
Answer Stats
Barrels produced each day Answer % Correct
14,837,639,510 United States
100%
12,402,761,040 Saudi Arabia
81%
11,262,746,200 Russia
75%
11,262,746,200 China
63%
4,596,724,820 Canada
44%
3,772,788,273 United Arab Emirates
31%
3,242,957,836 Brazil
25%
4,376,194,355 Iran
25%
4,443,457,393 Iraq
25%
2,990,544,137 Kuwait
19%
No matching quizzes found
Score Distribution
Percent of People with Each Score
Percentile by Number Answered
Your Score History
You have not taken this quiz